000
00295nam a2200109Ia 4500
008
250110s9999 xx 000 0 und d
041
_a
eng
100
_a
Patil R.
_9
181800
245
_a
Intrastrate Bus Station
260
_b
Final Year B. Arch, BNCA
_c
2000
700
_a
Guide Name:Modak S N
_9
209372
999
_c
362557
_d
362557